000
00373nam a2200133Ia 4500
008
100328s9999 xx 000 0 und d
082
_b
61620
100
_a
पै शिरीष.
245
_a
हाती शिल्लक.
260
_b
अनुभव.
630
_a
हाती शिल्लक.
730
_a
हाती शिल्लक.
942
_c
BOOK
999
_c
547691
_d
547688